Kepatuhan sistem rawatan kumbahan di kapal Skuadron 22 Korvet dan Skuadron 23 Frigat terhadap piawan IMO
Saved in:
| Main Author: | |
|---|---|
| Format: | Book |
| Language: | Malay |
| Published: |
Sungai Besi
UTM-UPNM
2008
|
| Tags: |
Add Tag
No Tags, Be the first to tag this record!
|
| Call Number : | PSM FSTP .A59 2008 |
MARC
| LEADER | 00000pam a2200000 a 4500 | ||
|---|---|---|---|
| 001 | 29378 | ||
| 003 | MY-KLNDU | ||
| 005 | 20241218082815.0 | ||
| 008 | s2008 my d a 1 maydc | ||
| 035 | |a 0000040201 | ||
| 039 | 9 | |a 201002081034 |b aiza |y 200910121137 |z VLOAD | |
| 090 | 0 | 0 | |a PSM FSTP |b .A59 2008 |
| 100 | 0 | 0 | |a Anwar Redhwan bin Lokman Hakim |
| 245 | 1 | 0 | |a Kepatuhan sistem rawatan kumbahan di kapal Skuadron 22 Korvet dan Skuadron 23 Frigat terhadap piawan IMO |c Anwar Redhwan bin Lokman Hakim |
| 260 | 0 | 0 | |a Sungai Besi |b UTM-UPNM |c 2008 |
| 300 | |a xviii, 62p. |b some col.ill. |c 30cm | ||
| 500 | 0 | 0 | |a Abstrak dalam bahasa Melayu dan bahasa Inggeris |
| 500 | 0 | 0 | |a Projek Sarjana Muda-Ijazah Sarjana Muda Sains Nautika, 2008 |
| 504 | 0 | 0 | |a Mengandungi rujukan bibliografi |
| 999 | |a vtls000039190 |c 29378 |d 29378 | ||